[Event "Balmaceda Segura Memorial op"]
[Site "Santa Barbara de Heredia"]
[Date "2022.06.04"]
[Round "3"]
[White "Avendano Porras, Rodrigo"]
[Black "Solano Cruz, Agustin"]
[Result "1-0"]
[WhiteElo "1795"]
[BlackElo "1873"]
[PlyCount "41"]
[EventDate "2022.05.21"]
[EventType "swiss"]
[EventRounds "6"]
[EventCountry "CRI"]
[SourceTitle "EXT 2024"]
[Source "ChessBase"]
[SourceDate "2023.10.10"]
[SourceVersion "1"]
[SourceVersionDate "2023.10.10"]
[SourceQuality "1"]

1. e4 e5 2. Nf3 d6 3. d4 f5 4. dxe5 fxe4 5. Ng5 d5 6. e6 Bc5 7. Nc3 Qf6 8. Ngxe4 Qxe6 9. Qxd5 Bb4 10. Qb5+ Nc6 11. Bd3 Bxc3+ 12. bxc3 Nge7 13. 0-0 a6 14. Qh5+ g6 15. Qh4 Nf5 16. Qf4 Qe5 17. Qg5 0-0 18. Ba3 Rf7 19. Rae1 Qa5 20. Nf6+ Kg7 21. Nh5+ 1-0

[Event "Balmaceda Segura Memorial op"]
[Site "Santa Barbara de Heredia"]
[Date "2022.05.28"]
[Round "2"]
[White "Solano Cruz, Agustin"]
[Black "Campos Cerdas, Jorge"]
[Result "1-0"]
[WhiteElo "1873"]
[BlackElo "1761"]
[PlyCount "39"]
[EventDate "2022.05.21"]
[EventType "swiss"]
[EventRounds "6"]
[EventCountry "CRI"]
[SourceTitle "EXT 2024"]
[Source "ChessBase"]
[SourceDate "2023.10.10"]
[SourceVersion "1"]
[SourceVersionDate "2023.10.10"]
[SourceQuality "1"]

1. d4 Nf6 2. Bf4 d6 3. Nc3 g6 4. e4 a6 5. a4 Bg7 6. Nf3 0-0 7. Qd2 c6 8. Bh6 Qb6 9. Bxg7 Kxg7 10. Bd3 Bg4 11. a5 Qc7 12. e5 Ne8 13. h4 Bxf3 14. gxf3 h5 15. Qg5 Rh8 16. Rg1 Rh6 17. e6 Qd8 18. Bf5 f6 19. Qg3 Nc7 20. Bxg6 1-0

[Event "San Jose Banco Central op"]
[Site "San Jose"]
[Date "2019.11.26"]
[Round "5"]
[White "Jimenez Sancho, Pedro Pablo"]
[Black "Solano Cruz, Agustin"]
[Result "1-0"]
[WhiteElo "1808"]
[BlackElo "1843"]
[PlyCount "103"]
[EventDate "2019.10.29"]
[EventType "swiss"]
[EventRounds "7"]
[EventCountry "CRI"]
[SourceTitle "EXT 2021"]
[Source "ChessBase"]
[SourceDate "2020.10.23"]
[SourceVersion "1"]
[SourceVersionDate "2020.10.23"]
[SourceQuality "1"]

1. e4 c5 2. c3 Nf6 3. e5 Nd5 4. Nf3 e6 5. Bc4 d6 6. 0-0 Nc6 7. exd6 Bxd6 8. d4 0-0 9. Bg5 Be7 10. Bxe7 Qxe7 11. Re1 Rd8 12. Bxd5 Rxd5 13. c4 Rd8 14. d5 Qd6 15. Nc3 exd5 16. Qxd5 Qf8 17. Qh5 Nd4 18. Rad1 g6 19. Qg5 Nxf3+ 20. gxf3 f6 21. Qf4 Bf5 22. Nd5 Re8 23. Nc7 Rxe1+ 24. Rxe1 Rd8 25. Nd5 Rd7 26. Re8 Qxe8 27. Nxf6+ Kf7 28. Nxe8 Kxe8 29. Kg2 b6 30. Qe5+ Kd8 31. Qb8+ Ke7 32. a3 Kf6 33. h4 h5 34. Kg3 Ke6 35. Kf4 Kf6 36. Qe5+ Kf7 37. Kg5 Re7 38. Qf6+ Ke8 39. Qc6+ Kf7 40. b4 cxb4 41. axb4 Rd7 42. c5 bxc5 43. bxc5 Ke8 44. Qc8+ Rd8 45. Qb7 Rc8 46. c6 Kd8 47. Kf6 Rc7 48. Qb8+ Bc8 49. Qb5 Bf5 50. Qd5+ Bd7 51. cxd7 Rxd7 52. Qa8+ 1-0

[Event "San Jose Banco Central op"]
[Site "San Jose"]
[Date "2019.11.12"]
[Round "3"]
[White "Murillo Tsijli, Alexis"]
[Black "Solano Cruz, Agustin"]
[Result "1/2-1/2"]
[WhiteElo "2290"]
[BlackElo "1843"]
[PlyCount "89"]
[EventDate "2019.10.29"]
[EventType "swiss"]
[EventRounds "7"]
[EventCountry "CRI"]
[SourceTitle "EXT 2021"]
[Source "ChessBase"]
[SourceDate "2020.10.23"]
[SourceVersion "1"]
[SourceVersionDate "2020.10.23"]
[SourceQuality "1"]

1. d4 Nf6 2. c4 e6 3. Nc3 b6 4. e4 Bb7 5. f3 d6 6. Be3 Be7 7. Qd2 c5 8. d5 exd5 9. exd5 0-0 10. 0-0-0 a6 11. h4 b5 12. h5 bxc4 13. g4 h6 14. Nh3 Nbd7 15. g5 Nxh5 16. Qg2 Ne5 17. f4 Nd3+ 18. Bxd3 cxd3 19. gxh6 Bc8 20. Nf2 Bh4 21. hxg7 Re8 22. Qf3 Ng3 23. Rdg1 Rxe3 24. Qxe3 Nxh1 25. Nxh1 Bf5 26. Ng3 Bxg3 27. Qxg3 Qf6 28. Qh2 d2+ 29. Qxd2 Re8 30. Rg5 Bg6 31. f5 Re5 32. Kd1 Rxf5 33. Rxf5 Qxf5 34. Qh2 Qd3+ 35. Ke1 Qe3+ 36. Ne2 Kxg7 37. Qxd6 Bd3 38. Qg3+ Qxg3+ 39. Nxg3 Kf6 40. Kd2 Bc4 41. Ne4+ Ke5 42. d6 Bb5 43. a4 Bc6 44. Nxc5 Kxd6 45. Nxa6 1/2-1/2

[Event "San Jose subzonal 2.3c"]
[Site "San Jose"]
[Date "2018.03.25"]
[Round "2"]
[White "Segura Cordero, Ariel"]
[Black "Solano Cruz, Agustin"]
[Result "0-1"]
[WhiteElo "1291"]
[BlackElo "1760"]
[PlyCount "120"]
[EventDate "2018.03.25"]
[EventType "swiss"]
[EventRounds "9"]
[EventCountry "CRI"]
[SourceTitle "EXT 2019"]
[Source "ChessBase"]
[SourceDate "2018.10.10"]
[SourceVersion "1"]
[SourceVersionDate "2018.10.10"]
[SourceQuality "1"]

1. e4 c5 2. Nc3 g6 3. f4 Bg7 4. g3 d6 5. Bg2 Nc6 6. d3 Nf6 7. Nf3 Bd7 8. Be3 Ng4 9. Bd2 Nd4 10. h3 Nh6 11. 0-0 0-0 12. g4 f5 13. g5 Nf7 14. h4 fxe4 15. dxe4 Bg4 16. Be3 Qd7 17. Qd2 Bxf3 18. Bxf3 Qh3 19. Bg2 Qxh4 20. Nd5 e6 21. Ne7+ Kh8 22. c3 Nc6 23. Rf3 Nxe7 24. Bf2 Qg4 25. Rg3 Qxg3 26. Bxg3 Rad8 27. Qc2 d5 28. e5 Nf5 29. Bf2 Rc8 30. Qa4 h6 31. Qxa7 hxg5 32. Bxc5 gxf4 33. Bxf8 Bxf8 34. Qxb7 Bc5+ 35. Kh2 Rf8 36. Bh3 Kg7 37. Bxf5 gxf5 38. b4 Rh8+ 39. Kg2 Be3 40. a4 Rh4 41. Kf3 Rh2 42. Rf1 Kg6 43. Qxf7+ Kxf7 44. a5 Kg6 45. b5 Kg5 46. b6 Rh3+ 47. Ke2 Kg4 48. b7 Rh2+ 49. Kd1 Rb2 50. a6 f3 51. Re1 f2 52. Rf1 Kf3 53. b8Q Rxb8 54. Kc2 Ke2 55. a7 Bxa7 56. c4 Kxf1 57. cxd5 Ke2 58. d6 f1Q 59. d7 Qd1+ 60. Kc3 Qc1# 0-1

[Event "San Jose Santa Barbara qual"]
[Site "San Jose"]
[Date "2016.05.12"]
[Round "4.7"]
[White "Arce Oviedo, Cesar"]
[Black "Solano Cruz, Agustin"]
[Result "0-1"]
[WhiteElo "1692"]
[BlackElo "1851"]
[PlyCount "122"]
[EventDate "2016.04.21"]
[EventType "swiss"]
[EventRounds "7"]
[EventCountry "CRI"]
[SourceTitle "EXT 2024"]
[Source "ChessBase"]
[SourceDate "2023.10.10"]
[SourceVersion "1"]
[SourceVersionDate "2023.10.10"]
[SourceQuality "1"]

1. d4 c5 2. d5 g6 3. Nf3 Bg7 4. e4 d6 5. Bb5+ Bd7 6. Bxd7+ Nxd7 7. 0-0 b5 8. c3 Ngf6 9. Re1 0-0 10. Bg5 Nb6 11. Qc1 Re8 12. Nbd2 a5 13. Rb1 a4 14. c4 b4 15. e5 Ng4 16. exd6 Qxd6 17. h3 Ne5 18. Nxe5 Bxe5 19. Nf3 Bf6 20. b3 axb3 21. axb3 Ra3 22. Bf4 Qd7 23. Ne5 Qc8 24. Ng4 Bd4 25. Be5 Bxe5 26. Rxe5 Nd7 27. Re3 h5 28. Nh6+ Kg7 29. Rg3 Nf6 30. Nf5+ Qxf5 31. Rf3 Qe5 32. Re3 Qd4 33. Qe1 Ra2 34. Rd1 Qb2 35. Kh2 Qxf2 36. Qxf2 Rxf2 37. Rde1 Ra8 38. Rxe7 Raa2 39. d6 Rxg2+ 40. Kh1 Rgd2 41. R7e5 Rxd6 42. Rxc5 Ne4 43. Rd5 Re6 44. Kg1 Nf2 45. Rxe6 Nxh3+ 46. Kf1 fxe6 47. Rb5 h4 48. Rxb4 Ng5 49. c5 h3 50. Rh4 Rc2 51. b4 Kf6 52. Rh8 h2 53. c6 Ke7 54. b5 Kd6 55. Rd8+ Kc7 56. Rh8 Ne4 57. Rh7+ Kb6 58. Rb7+ Kc5 59. Rh7 Kxb5 60. c7 Ng3+ 61. Ke1 Nh5 0-1

[Event "CRI-ch Phase1 72nd"]
[Site "Moravia"]
[Date "2008.05.22"]
[Round "6"]
[White "Campos, Roi"]
[Black "Solano Cruz, Agustin"]
[Result "1-0"]
[WhiteElo "2040"]
[BlackElo "2015"]
[PlyCount "37"]
[EventDate "2008.05.17"]
[EventType "swiss"]
[EventRounds "9"]
[EventCountry "CRI"]
[SourceTitle "EXT 2009"]
[Source "ChessBase"]
[SourceDate "2008.11.26"]
[SourceVersion "1"]
[SourceVersionDate "2008.11.26"]
[SourceQuality "1"]

1. e4 c5 2. Nc3 g6 3. d3 Bg7 4. g3 Nc6 5. Be3 d6 6. Qd2 Nf6 7. Bh6 0-0 8. Bg2 Nd4 9. 0-0-0 b5 10. Bxg7 Kxg7 11. e5 Rb8 12. exf6+ exf6 13. Nd5 b4 14. Nf3 Bg4 15. Nxd4 cxd4 16. Rde1 Qa5 17. Qf4 Be6 18. Qxf6+ Kh6 19. Re4 1-0

[Event "CRI-ch Phase1 72nd"]
[Site "Moravia"]
[Date "2008.05.17"]
[Round "1"]
[White "Solano Cruz, Agustin"]
[Black "Bermudez Munoz, Alexander"]
[Result "1-0"]
[WhiteElo "2015"]
[BlackElo "2006"]
[PlyCount "67"]
[EventDate "2008.05.17"]
[EventType "swiss"]
[EventRounds "9"]
[EventCountry "CRI"]
[SourceTitle "EXT 2009"]
[Source "ChessBase"]
[SourceDate "2008.11.26"]
[SourceVersion "1"]
[SourceVersionDate "2008.11.26"]
[SourceQuality "1"]

1. Nf3 d5 2. b3 Nf6 3. Bb2 e6 4. g3 Be7 5. Bg2 0-0 6. 0-0 b6 7. c4 Bb7 8. d4 Nbd7 9. Nbd2 a5 10. a4 Bb4 11. Ne5 c6 12. Rc1 Nxe5 13. dxe5 Nd7 14. f4 Nc5 15. Bc3 Ba3 16. Ra1 d4 17. Bxa5 Bb2 18. Ra2 Bc3 19. Bxc3 dxc3 20. Ne4 Qxd1 21. Rxd1 Nxb3 22. Nxc3 Na5 23. Rd7 Ba6 24. Rd6 Rac8 25. c5 bxc5 26. Ne4 Nb3 27. e3 c4 28. Bf1 Nc1 29. Rc2 Nd3 30. Nd2 Nb4 31. Rb2 c3 32. Rxb4 c2 33. Nb3 c5 34. Rbb6 1-0

[Event "CRI-ch 67th"]
[Site "Cenfotec"]
[Date "2003.06.25"]
[Round "11"]
[White "Minero, Boris P"]
[Black "Solano Cruz, Agustin"]
[Result "1-0"]
[WhiteElo "2163"]
[BlackElo "2055"]
[PlyCount "71"]
[EventDate "2003.06.13"]
[EventType "swiss"]
[EventRounds "11"]
[EventCountry "CRI"]
[SourceTitle "CBM 094 Extra"]
[Source "ChessBase"]
[SourceDate "2003.07.09"]
[SourceVersion "2"]
[SourceVersionDate "2003.07.09"]
[SourceQuality "1"]

1. Nf3 b6 2. g3 Bb7 3. Bg2 c5 4. 0-0 Nf6 5. d4 cxd4 6. Qxd4 Nc6 7. Qa4 g6 8. c4 Bg7 9. Nc3 0-0 10. Bf4 Nh5 11. Be3 Rc8 12. Rfd1 d6 13. c5 bxc5 14. Bxc5 Ne5 15. Nxe5 Bxg2 16. Kxg2 Rxc5 17. Nd3 Ra5 18. Qh4 Nf6 19. Rac1 Qb6 20. Qc4 Qb7+ 21. Kg1 Rc8 22. Qh4 Rh5 23. Qb4 Qd7 24. Nf4 Rh6 25. Qb5 Rc6 26. h4 Qc8 27. Ncd5 Rxc1 28. Nxe7+ Kf8 29. Nxc8 Rxd1+ 30. Kg2 Nh5 31. Nd3 Nf6 32. Nxd6 Rh5 33. Qb3 Rd5 34. Ne4 Nxe4 35. Qxd5 f5 36. Qd8+ 1-0

[Event "CRI-ch 67th"]
[Site "Cenfotec"]
[Date "2003.06.13"]
[Round "1"]
[White "Valdes Romero, Leonardo"]
[Black "Solano Cruz, Agustin"]
[Result "1-0"]
[WhiteElo "2404"]
[BlackElo "2055"]
[PlyCount "79"]
[EventDate "2003.06.13"]
[EventType "swiss"]
[EventRounds "11"]
[EventCountry "CRI"]
[SourceTitle "CBM 094 Extra"]
[Source "ChessBase"]
[SourceDate "2003.07.09"]
[SourceVersion "2"]
[SourceVersionDate "2003.07.09"]
[SourceQuality "1"]

1. e4 b6 2. d4 Bb7 3. Nd2 e6 4. Ngf3 c5 5. Bd3 cxd4 6. Nxd4 Nf6 7. 0-0 Nc6 8. Nxc6 Bxc6 9. e5 Nd5 10. Nf3 d6 11. a3 Be7 12. Qe2 0-0 13. Rd1 Rc8 14. c4 Nc7 15. exd6 Bxd6 16. Bc2 Ne8 17. Ng5 g6 18. Ne4 Bxe4 19. Qxe4 Qc7 20. Bh6 Ng7 21. g3 Be5 22. Rab1 Bf6 23. Qf3 Be7 24. Qc3 f6 25. Bb3 Bc5 26. Ba2 e5 27. b4 Bd4 28. Qf3 Qd7 29. Rd2 Qh3 30. c5+ Kh8 31. Bxg7+ Kxg7 32. c6 Rfd8 33. b5 Rd6 34. Re1 h5 35. Qg2 Qxg2+ 36. Kxg2 Rc7 37. h4 f5 38. f4 Kf6 39. fxe5+ Bxe5 40. Rxd6+ 1-0

[Event "CRI-ch"]
[Site "San Jose"]
[Date "2001.06.29"]
[Round "4"]
[White "Solano Cruz, Agustin"]
[Black "Rodriguez, Adrian"]
[Result "1/2-1/2"]
[WhiteElo "2055"]
[BlackElo "2187"]
[PlyCount "47"]
[EventDate "2001.05.26"]
[EventType "swiss"]
[EventRounds "13"]
[EventCountry "CRI"]
[SourceTitle "CBM 082 Extra"]
[Source "ChessBase"]
[SourceDate "2001.07.03"]
[SourceVersion "1"]
[SourceVersionDate "2001.07.03"]
[SourceQuality "1"]

1. f4 c5 2. Nf3 g6 3. e4 d6 4. Nc3 Bg7 5. Bc4 Nc6 6. 0-0 e6 7. d3 Nge7 8. Be3 d5 9. exd5 exd5 10. Nxd5 Nxd5 11. Bxc5 Nde7 12. c3 0-0 13. Qe1 h6 14. Nh4 Re8 15. Qg3 Bf5 16. Nxf5 gxf5 17. Rae1 Qd7 18. Bb5 Ng6 19. Rxe8+ Rxe8 20. Bxa7 Re2 21. Rf2 Re1+ 22. Rf1 Re2 23. Rf2 Re1+ 24. Rf1 1/2-1/2

[Event "CRI-ch"]
[Site "San Jose"]
[Date "2001.06.13"]
[Round "10"]
[White "Granados, Carlos"]
[Black "Solano Cruz, Agustin"]
[Result "1-0"]
[WhiteElo "2239"]
[BlackElo "2055"]
[PlyCount "79"]
[EventDate "2001.05.26"]
[EventType "swiss"]
[EventRounds "13"]
[EventCountry "CRI"]
[SourceTitle "CBM 082 Extra"]
[Source "ChessBase"]
[SourceDate "2001.07.03"]
[SourceVersion "1"]
[SourceVersionDate "2001.07.03"]
[SourceQuality "1"]

1. e4 d5 2. exd5 Qxd5 3. Nc3 Qa5 4. d4 c6 5. Bc4 Nf6 6. Nge2 Bf5 7. 0-0 e6 8. Ng3 Bg6 9. Bf4 Nbd7 10. Qe2 Be7 11. Rfe1 Nd5 12. Nxd5 cxd5 13. Bd2 Qb6 14. Bxd5 Bxc2 15. Bc3 Bg6 16. Bf3 0-0 17. a4 a5 18. Qb5 Qxb5 19. axb5 Ra7 20. Rxa5 Rxa5 21. Bxa5 b6 22. Bc3 Bd6 23. Ne4 Bxe4 24. Bxe4 Nf6 25. Bc6 Rd8 26. Ra1 Kf8 27. g3 Rb8 28. Ra7 Be7 29. Kg2 Bd6 30. h3 h6 31. Kf3 Kg8 32. g4 Kf8 33. h4 Kg8 34. g5 hxg5 35. hxg5 Nh7 36. Rd7 Bf8 37. Kg4 f5+ 38. Kh5 Rc8 39. Kg6 Rb8 40. d5 1-0

[Event "CRI-ch"]
[Site "San Jose"]
[Date "2001.06.03"]
[Round "7"]
[White "Gonzalez Acosta, Jaime Roy"]
[Black "Solano Cruz, Agustin"]
[Result "1-0"]
[WhiteElo "2127"]
[BlackElo "2055"]
[PlyCount "125"]
[EventDate "2001.05.26"]
[EventType "swiss"]
[EventRounds "13"]
[EventCountry "CRI"]
[SourceTitle "CBM 082 Extra"]
[Source "ChessBase"]
[SourceDate "2001.07.03"]
[SourceVersion "1"]
[SourceVersionDate "2001.07.03"]
[SourceQuality "1"]

1. f4 g6 2. Nf3 Bg7 3. e3 c5 4. c3 Nf6 5. d4 b6 6. Nbd2 Bb7 7. Bd3 d5 8. 0-0 Nbd7 9. Ne5 0-0 10. Ndf3 Ne4 11. Bxe4 dxe4 12. Ng5 e6 13. Qg4 Bf6 14. Nxe6 Nxe5 15. fxe5 Qd7 16. exf6 fxe6 17. Bd2 Rf7 18. Be1 Raf8 19. Bh4 cxd4 20. cxd4 Qb5 21. Rac1 Bd5 22. b3 Qd3 23. Qg3 Qd2 24. Rc7 e5 25. Qxe5 Rxc7 26. Qxc7 Qxe3+ 27. Bf2 Qh6 28. Qe5 Rd8 29. Bg3 Qe3+ 30. Bf2 Qh6 31. Qe7 Qf8 32. Bg3 a5 33. f7+ Bxf7 34. Rxf7 Qxe7 35. Rxe7 Rxd4 36. Bf4 Rd1+ 37. Kf2 Ra1 38. Rxe4 Rxa2+ 39. Kf3 Rb2 40. Re3 b5 41. Bd6 Kf7 42. h3 Rd2 43. Bc7 Ra2 44. g3 Kf6 45. Bd8+ Kf7 46. Bb6 Kf6 47. Bd4+ Kf7 48. Kg4 a4 49. Rf3+ Ke6 50. bxa4 Rxa4 51. Rf4 Rc4 52. Bb2 Rc7 53. Rb4 Rc5 54. Re4+ Kf7 55. Re5 Rc4+ 56. Kg5 Rb4 57. Ba3 Rb3 58. Re7+ Kg8 59. Bd6 Rd3 60. Rd7 Rd5+ 61. Kf6 Rf5+ 62. Ke6 Rh5 63. Rd8+ 1-0

[Event "CRI-chT"]
[Site "Costa Rica"]
[Date "1998.??.??"]
[Round "4"]
[White "Solano Cruz, Agustin"]
[Black "Vaglio Munoz, Jaime"]
[Result "0-1"]
[WhiteElo "2085"]
[BlackElo "2235"]
[PlyCount "84"]
[EventDate "1998.??.??"]
[EventType "team"]
[EventRounds "11"]
[EventCountry "CRI"]
[SourceTitle "EXT 2002"]
[Source "ChessBase"]
[SourceDate "2001.11.25"]
[SourceVersion "1"]
[SourceVersionDate "2001.11.25"]
[SourceQuality "1"]

1. f4 Nf6 2. Nf3 g6 3. b3 Bg7 4. Bb2 0-0 5. g3 d6 6. Bg2 Re8 7. 0-0 Nc6 8. Nc3 e5 9. fxe5 dxe5 10. e4 Bg4 11. d3 Nd4 12. Qd2 c6 13. Rae1 b5 14. Nxd4 Qxd4+ 15. Kh1 Qd7 16. Nd1 a5 17. Ne3 Bh3 18. Bxh3 Qxh3 19. Rf3 Qd7 20. Qf2 Re6 21. Rf1 a4 22. g4 axb3 23. g5 Nh5 24. Rxf7 Re7 25. Rxe7 Qxe7 26. axb3 Qxg5 27. Bc1 Nf4 28. Ng2 Qxg2+ 29. Qxg2 Nxg2 30. Kxg2 Ra2 31. Rf2 Bf8 32. Be3 Be7 33. Kg3 c5 34. Bh6 Ra3 35. Kg4 c4 36. bxc4 bxc4 37. dxc4 Rc3 38. Bg5 Bc5 39. Re2 h5+ 40. Kh4 Rf3 41. Bd2 Be7+ 42. Bg5 Rf4+ 0-1

[Event "CRI-ch"]
[Site "Costa Rica"]
[Date "1997.??.??"]
[Round "15"]
[White "Bermudez Vives, Sergio"]
[Black "Solano Cruz, Agustin"]
[Result "1-0"]
[WhiteElo "2100"]
[BlackElo "2015"]
[PlyCount "59"]
[EventDate "1997.??.??"]
[EventType "tourn"]
[EventRounds "19"]
[EventCountry "CRI"]
[SourceTitle "EXT 1999"]
[Source "ChessBase"]
[SourceDate "1998.11.16"]
[SourceVersion "1"]
[SourceVersionDate "1998.11.16"]
[SourceQuality "1"]

1. d4 g6 2. c4 Bg7 3. Nc3 c6 4. e4 d6 5. f4 Nf6 6. Nf3 0-0 7. Bd3 Bg4 8. h3 Bxf3 9. Qxf3 Na6 10. Be3 Nd7 11. 0-0 c5 12. d5 Rb8 13. Rae1 Nc7 14. e5 dxe5 15. f5 e6 16. fxe6 fxe6 17. Qg4 Rxf1+ 18. Rxf1 exd5 19. cxd5 Nf6 20. Qc4 Kh8 21. Bg5 Nce8 22. Qh4 Qb6 23. Bxg6 Kg8 24. Bf5 Qxb2 25. Ne4 Qd4+ 26. Kh2 Kf7 27. Bxf6 Bxf6 28. Qxh7+ Bg7 29. d6 Rd8 30. Ng5+ 1-0

[Event "CRI-ch"]
[Site "Costa Rica"]
[Date "1997.??.??"]
[Round "19"]
[White "Salas Perez, Walter"]
[Black "Solano Cruz, Agustin"]
[Result "0-1"]
[WhiteElo "2000"]
[BlackElo "2015"]
[PlyCount "56"]
[EventDate "1997.??.??"]
[EventType "tourn"]
[EventRounds "19"]
[EventCountry "CRI"]
[SourceTitle "EXT 1999"]
[Source "ChessBase"]
[SourceDate "1998.11.16"]
[SourceVersion "1"]
[SourceVersionDate "1998.11.16"]
[SourceQuality "1"]

1. e4 e5 2. Nf3 Nf6 3. d4 exd4 4. e5 Ne4 5. Qxd4 d5 6. exd6 Nxd6 7. Nc3 Nc6 8. Qf4 Be7 9. Bd3 Be6 10. Bd2 Qd7 11. 0-0-0 h6 12. h4 0-0-0 13. Ne5 Nxe5 14. Qxe5 Bf6 15. Qa5 Kb8 16. Bb5 Nxb5 17. Nxb5 a6 18. Nc3 Qc6 19. f3 Rd4 20. Rhe1 Bxh4 21. Re5 Rhd8 22. Rc5 Qd7 23. Ne4 f5 24. c3 Rd3 25. Rxc7 Qxc7 26. Qxc7+ Kxc7 27. Nc5 Bc4 28. b3 Rxd2 0-1

[Event "CRI-ch"]
[Site "Costa Rica"]
[Date "1997.??.??"]
[Round "18"]
[White "Solano Cruz, Agustin"]
[Black "Charpentier Morales, William"]
[Result "0-1"]
[WhiteElo "2015"]
[BlackElo "2195"]
[PlyCount "62"]
[EventDate "1997.??.??"]
[EventType "tourn"]
[EventRounds "19"]
[EventCountry "CRI"]
[SourceTitle "EXT 1999"]
[Source "ChessBase"]
[SourceDate "1998.11.16"]
[SourceVersion "1"]
[SourceVersionDate "1998.11.16"]
[SourceQuality "1"]

1. b4 d5 2. Bb2 Nf6 3. f4 Bf5 4. Nf3 e6 5. b5 Bc5 6. e3 Nbd7 7. Bd3 Bxd3 8. cxd3 a6 9. a4 axb5 10. axb5 Rxa1 11. Bxa1 Qa8 12. Bxf6 Nxf6 13. d4 Bb4 14. 0-0 Qa5 15. Qc2 0-0 16. Nc3 Rc8 17. Qb2 Bxc3 18. dxc3 Ne4 19. Rc1 Nd6 20. Rb1 Nc4 21. Qc1 Qa2 22. Ra1 Qe2 23. Qe1 Qxe3+ 24. Qxe3 Nxe3 25. Ra7 b6 26. Ne5 Kf8 27. Ra1 f6 28. Nc6 Nf5 29. Kf2 Nd6 30. Na7 Ra8 31. Ra3 Nc8 0-1

[Event "CRI-ch"]
[Site "Costa Rica"]
[Date "1997.??.??"]
[Round "1"]
[White "Solano Cruz, Agustin"]
[Black "Hernandez, Francisco"]
[Result "0-1"]
[WhiteElo "2015"]
[BlackElo "2205"]
[PlyCount "70"]
[EventDate "1997.??.??"]
[EventType "tourn"]
[EventRounds "19"]
[EventCountry "CRI"]
[SourceTitle "EXT 1999"]
[Source "ChessBase"]
[SourceDate "1998.11.16"]
[SourceVersion "1"]
[SourceVersionDate "1998.11.16"]
[SourceQuality "1"]

1. b3 e5 2. Bb2 Nc6 3. g3 d5 4. Bg2 f5 5. d3 Nf6 6. c4 d4 7. Nd2 Bc5 8. a3 a5 9. Ngf3 0-0 10. 0-0 h6 11. Ne1 Qe7 12. Nc2 Be6 13. h3 Rad8 14. Kh2 g5 15. f4 exf4 16. gxf4 gxf4 17. Bxc6 bxc6 18. Nf3 Kh7 19. Ncxd4 Bd7 20. Qe1 Nh5 21. Qxa5 Ng3 22. Rf2 Bd6 23. Qc3 Rg8 24. b4 Qe3 25. Rg2 Rg6 26. c5 Rdg8 27. cxd6 Nf1+ 28. Rxf1 Rxg2+ 29. Kh1 Qe8 30. Qe1 R2g3 31. Rf2 cxd6 32. Rh2 c5 33. Nc2 Bc6 34. Qf2 Qg6 35. Nce1 Rg1+ 0-1

[Event "San Jose"]
[Site "San Jose"]
[Date "1994.??.??"]
[Round "8"]
[White "Paneque, Pedro"]
[Black "Solano Cruz, Agustin"]
[Result "1-0"]
[WhiteElo "2410"]
[BlackElo "2200"]
[PlyCount "65"]
[EventDate "1994.??.??"]
[EventType "tourn"]
[EventRounds "10"]
[EventCountry "CRI"]
[EventCategory "4"]
[SourceTitle "EXT 2002"]
[Source "ChessBase"]
[SourceDate "2001.11.25"]
[SourceVersion "1"]
[SourceVersionDate "2001.11.25"]
[SourceQuality "1"]

1. d4 d5 2. Nf3 f5 3. Bg5 g6 4. c4 c6 5. Nc3 Bg7 6. Qb3 h6 7. Bd2 e6 8. Ne5 Ne7 9. e3 Nd7 10. f4 b6 11. 0-0-0 Nxe5 12. fxe5 Bd7 13. Kb1 a6 14. Rg1 b5 15. c5 h5 16. Ne2 Bh6 17. Nf4 Bxf4 18. exf4 Kf7 19. Be1 Qc7 20. Bh4 Ng8 21. h3 Be8 22. Bg5 Kf8 23. g4 Ra7 24. gxf5 gxf5 25. Bh4 Rh7 26. Be2 Rg7 27. Bg5 Qd7 28. Rg3 Qc8 29. Rdg1 Rac7 30. Bf6 Nxf6 31. exf6 Rh7 32. Rg8+ Kf7 33. Qg3 1-0

[Event "San Jose"]
[Site "San Jose"]
[Date "1994.??.??"]
[Round "2"]
[White "Solano Cruz, Agustin"]
[Black "Hernandez Basante, Francisco"]
[Result "0-1"]
[WhiteElo "2200"]
[BlackElo "2210"]
[PlyCount "52"]
[EventDate "1994.??.??"]
[EventType "tourn"]
[EventRounds "10"]
[EventCountry "CRI"]
[EventCategory "4"]
[SourceTitle "EXT 2002"]
[Source "ChessBase"]
[SourceDate "2001.11.25"]
[SourceVersion "1"]
[SourceVersionDate "2001.11.25"]
[SourceQuality "1"]

1. e4 c5 2. Nf3 d6 3. d4 cxd4 4. Nxd4 Nf6 5. Nc3 g6 6. Be3 Bg7 7. f3 0-0 8. Qd2 Nc6 9. 0-0-0 d5 10. Qe1 e5 11. Nxc6 bxc6 12. exd5 cxd5 13. Bg5 Be6 14. Nxd5 Bxd5 15. Bc4 Bxc4 16. Rxd8 Raxd8 17. Qh4 Rd4 18. g4 Nd5 19. Bh6 Bxh6+ 20. Qxh6 Nf4 21. h4 f6 22. b3 Be2 23. Re1 Bxf3 24. g5 f5 25. Rxe5 Rd7 26. Kb2 Nh3 0-1

[Event "San Jose"]
[Site "San Jose"]
[Date "1994.??.??"]
[Round "6"]
[White "Solano Cruz, Agustin"]
[Black "Sieiro Gonzalez, Luis"]
[Result "1-0"]
[WhiteElo "2200"]
[BlackElo "2405"]
[PlyCount "79"]
[EventDate "1994.??.??"]
[EventType "tourn"]
[EventRounds "10"]
[EventCountry "CRI"]
[EventCategory "4"]
[SourceTitle "EXT 2002"]
[Source "ChessBase"]
[SourceDate "2001.11.25"]
[SourceVersion "1"]
[SourceVersionDate "2001.11.25"]
[SourceQuality "1"]

1. d4 d5 2. Nf3 c5 3. c3 cxd4 4. cxd4 Nf6 5. Nc3 Nc6 6. Bf4 e6 7. e3 Nh5 8. Bg5 Qb6 9. Nd2 Qxb2 10. Nb5 Bb4 11. Rb1 Qxd2+ 12. Qxd2 Bxd2+ 13. Kxd2 Kd7 14. Be2 Nf6 15. Bf4 Ne4+ 16. Ke1 a6 17. f3 axb5 18. fxe4 dxe4 19. Rb2 b4 20. Kf2 Ra5 21. Rd1 Ne7 22. Bc4 b5 23. Bb3 Bb7 24. Rc2 Rc8 25. Rdc1 Rxc2+ 26. Rxc2 Bd5 27. Rc7+ Ke8 28. Bd6 Ng6 29. Bxb4 Ra8 30. Bxd5 exd5 31. a3 Rb8 32. h4 h5 33. g4 hxg4 34. h5 Nh8 35. Re7+ Kd8 36. Re5 f6 37. Rxd5+ Kc7 38. Ba5+ Kc6 39. Rc5+ Kd6 40. Bc7+ 1-0